| 000 | 00993nam a2200289 a 4500 | ||
|---|---|---|---|
| 001 | 000044251 | ||
| 003 | DO-SdBPM | ||
| 005 | 20251210125600.0 | ||
| 007 | ta | ||
| 008 | 140611s2011 dr a 000 0 spa d | ||
| 040 |
_aDO-SdBPM _bspa _cBPMSU _erda |
||
| 082 | 4 |
_aRD861.44 _bS684v 2011 _222 |
|
| 100 | 1 |
_a Solano, Vielka _eautor _4aut. _d |
|
| 245 | 1 | 0 |
_aVivencia y soliedad/ _c Vielka Solano ; prólogo Rafael P. Rodríguez |
| 264 |
_aSantiago de los Caballeros, República Dominicana : _bimpreso Drapey, _c2011 |
||
| 300 |
_a144 páginas : _bilustraciones ; _c21 cm. |
||
| 336 |
_atexto _brxt _2rdacontent |
||
| 337 |
_asin mediación _bn _2rdamedia |
||
| 338 |
_avolumen _bnc _2rdacarrier |
||
| 500 | _aIncluye datos biográficos en la contracubierta | ||
| 590 | _aInventariado, 2025/VM | ||
| 650 | 7 | _aPoesía dominicana | |
| 650 | 7 | _aLiteratura dominicana | |
| 700 | 1 |
_a Rodríguez, Rafael P. _e prólogo |
|
| 910 | _aVMateo V. / Control de calidad BPMSU | ||
| 942 |
_2ddc _cBK |
||
| 999 |
_c15577 _d15577 |
||